000 00535nam a2200145Ia 4500
003 OSt
005 20260122101501.0
008 211028s2015 xx 000 0 und d
040 _cAIMIT LIBRARY
041 _aeng
100 _aShanbhag, Hariprasad N;Achar, Sumitha.
_g1316048
_97321
245 _aAnalysis of working capital management to reduce production and distribution cost by developing regression model with special reference to hangyo ice creams private ltd /
260 _aMangalore
_bSumitha Achar.
_c2015
942 _2ddc
_cPRO
999 _c218891
_d218891